Every Artist To Feature On A Kendrick Lamar Album - Statistics

General Stats
  • This quiz has been taken 15 times
  • The average score is 13 of 41
Answer Stats
Album Track Artist % Correct
GNX luther SZA
100%
DAMN. LOYALTY. Rihanna
86%
good kid, m.A.A.d city Poetic Justice Drake
79%
Mr. Morale & The Big Steppers Savior Baby Keem
71%
good kid, m.A.A.d city Compton Dr. Dre
71%
Mr. Morale & The Big Steppers Silent Hill Kodak Black
71%
good kid, m.A.A.d city Money Trees Jay Rock
64%
DAMN. XXX. U2
64%
DAMN. LOVE. Zacari
64%
good kid, m.A.A.d city Real Anna Wise
50%
To Pimp a Butterfly Institutionalized Snoop Dogg
50%
To Pimp a Butterfly These Walls Thundercat
50%
GNX peekaboo AZChike
43%
good kid, m.A.A.d city m.A.A.d city MC Eiht
43%
Mr. Morale & The Big Steppers Father Time Sampha
36%
Section.80 Kush & Corinthians (His Pain) BJ The Chicago Kid
29%
Mr. Morale & The Big Steppers Die Hard Blxst
29%
Mr. Morale & The Big Steppers Purple Hearts Ghostface Killah
29%
GNX tv off Lefty Gunplay
29%
To Pimp a Butterfly Complexion (A Zulu Love) Rapsody
29%
Section.80 The Spiteful Chant ScHoolboy Q
29%
Mr. Morale & The Big Steppers Mother I Sober Beth Gibbons
21%
GNX hey now Dody6
21%
To Pimp a Butterfly Wesley's Theory George Clinton
21%
GNX gnx Hitta J3
21%
GNX gnx Peysoh
21%
GNX dodger blue Roddy Richh
21%
Mr. Morale & The Big Steppers We Cry Together Taylour Paige
21%
Mr. Morale & The Big Steppers Die Hard Amanda Reifer
14%
To Pimp a Butterfly How Much a Dollar Cost Ronald Isley
14%
Mr. Morale & The Big Steppers Purple Hearts Summer Walker
14%
To Pimp a Butterfly These Walls Bilal
7%
To Pimp a Butterfly How Much a Dollar Cost James Fauntleroy
7%
Mr. Morale & The Big Steppers Savior Sam Dew
7%
Mr. Morale & The Big Steppers Mr. Morale Tanna Leone
7%
Section.80 Keisha's Song (Her Pain) Ash Riser
0%
Section.80 No Makeup (Her Vice) Colin Munroe
0%
Section.80 Poe Mans Dream (His Vice) GLC
0%
GNX dodger blue Siete7x
0%
GNX dodger blue Wallie the Sensei
0%
GNX gnx YoungThreat
0%
No matching quizzes found
Score Distribution
Percent of People with Each Score
Percentile by Number Answered
Your Score History
You have not taken this quiz